Wizarding World: Divided Name Puzzle #1 - Statistics

General Stats
  • This quiz has been taken 711 times
  • The average score is 16 of 20
Answer Stats
Last Name % Correct
DUMB LED ORE Dumbledore
98%
WEA SL EY Weasley
98%
PO TT ER Potter
96%
LONG BOT TOM Longbottom
94%
GRA NG ER Granger
93%
LOV EGO OD Lovegood
92%
MCG ONA GALL McGonagall
92%
OLLI VAN DER Ollivander
90%
MA LF OY Malfoy
88%
PET TIG REW Pettigrew
88%
DIG GO RY Diggory
87%
DUR SL EY Dursley
85%
JOH NS ON Johnson
80%
LES TRA NGE Lestrange
74%
RI DD LE Riddle
60%
PAR KIN SON Parkinson
57%
CR AB BE Crabbe
56%
CRE EV EY Creevey
55%
DEL ACO UR Delacour
55%
TH OM AS Thomas
43%
No matching quizzes found
Score Distribution
Percent of People with Each Score
Percentile by Number Answered
Your Score History
You have not taken this quiz